Vplyv zvýšenia minimálnej mzdy na zamestnávateľov, zamestnancov a SZČO

Nariadením vlády SR č. 540/2006 Z.z. sa od 1.10.2006 zmenila výška minimálnej mzdy. Vplyv zvýšenia minimálnej mzdy na zamestnávateľov a zamestnancov. Mzdové zvýhodnenia. Vplyv zmeny minimálnej mzdy na platenie poistného na zdravotné a sociálne poistenie zamestnávateľmi. Vplyv zvýšenia minimálnej mzd...

Descripción completa

Guardado en:
Detalles Bibliográficos
Autor principal: Cingelová, Zuzana
Formato: Capítulo de libro
Lenguaje:eslovaco
Materias:
Etiquetas: Agregar Etiqueta
Sin Etiquetas, Sea el primero en etiquetar este registro!

MARC

LEADER 00000naa$a2200000$$$4500
001 0050516
005 20231116125158.1
041 0 |a slo 
044 |a SK 
245 1 0 |a Vplyv zvýšenia minimálnej mzdy na zamestnávateľov, zamestnancov a SZČO  |c Zuzana Cingelová 
520 |a Nariadením vlády SR č. 540/2006 Z.z. sa od 1.10.2006 zmenila výška minimálnej mzdy. Vplyv zvýšenia minimálnej mzdy na zamestnávateľov a zamestnancov. Mzdové zvýhodnenia. Vplyv zmeny minimálnej mzdy na platenie poistného na zdravotné a sociálne poistenie zamestnávateľmi. Vplyv zvýšenia minimálnej mzdy na SZČO. Príklady. 
610 2 0 |a mzdy minimálne 
610 2 0 |a Slovensko 
610 2 0 |a zamestnanci 
610 2 0 |a zamestnávatelia 
610 2 0 |a poistné 
610 2 0 |a poistenie sociálne 
610 2 0 |a poistenie zdravotné 
610 2 0 |a 2006 
100 1 |a Cingelová, Zuzana